UEFA Nations League: All Countries of League B (2024) - Statistics

General Stats
  • This quiz has been taken 17 times
  • The average score is 14 of 16
Answer Stats
Answer % Correct
Greece
100%
Slovenia
100%
Albania
94%
England
94%
Finland
94%
Iceland
94%
Norway
94%
Turkey
94%
Ukraine
94%
Wales
94%
Austria
88%
Czech Republic
88%
Ireland
88%
Georgia
82%
Montenegro
82%
Kazakhstan
24%
No matching quizzes found
Score Distribution
Percent of People with Each Score
Percentile by Number Answered
Your Score History
You have not taken this quiz